| 000 | 00577nam a2200169Ia 4500 | ||
|---|---|---|---|
| 008 | 090711s9999 xx 000 0 und d | ||
| 082 | _b56849 | ||
| 100 | _aप्रफुल्ल दत्त | ||
| 245 | _aबोध्दिवgक्षाSया छायेत | ||
| 260 | _c1969 | ||
| 300 | _a96 | ||
| 600 | _aप्रफुल्ल दत्त | ||
| 630 | _aबोध्दिवgक्षाSया छायेत | ||
| 700 | _aप्रफुल्ल दत्त | ||
| 730 | _aबोध्दिवgक्षाSया छायेत | ||
| 942 | _cBOOK | ||
| 999 |
_c314098 _d314098 |
||